[Event "Open Semana Santa 2023"]
[Site "?"]
[Date "2023.04.07"]
[Round "5.36"]
[White "IM Cruz Lledo, Pablo"]
[Black "Garijo Perez, Hugo"]
[Result "1/2-1/2"]
[WhiteElo "2395"]
[BlackElo "2125"]
[PlyCount "76"]

1. d4 f5 2. c4 Nf6 3. Nc3 d6 4. g3 g6 5. Bg2 Bg7 6. Nh3 c6 7. O-O e5 8. e4 O-O
9. exf5 Bxf5 10. dxe5 dxe5 11. Qxd8 Rxd8 12. Ng5 Na6 13. Nge4 Nxe4 14. Bxe4 Nc5
15. Bxf5 gxf5 16. Bg5 Rd7 17. Rad1 Nd3 18. g4 h6 19. Be3 f4 20. Bc1 Rad8 21. b3
f3 22. Be3 Nf4 23. Rxd7 Rxd7 24. Ne4 b6 25. h4 Rd3 26. Nd2 Ng2 27. Nxf3 Nxe3
28. fxe3 e4 29. Nd4 Bxd4 30. exd4 Rxd4 31. Rf4 Kg7 32. Kf2 Rd2+ 33. Ke3 Rxa2
34. Rxe4 Rh2 35. Kf4 Rxh4 36. Rd4 Rh3 37. Rd7+ Kf8 38. Rxa7 Rxb3 1/2-1/2

[Event "Open Semana Santa 2023"]
[Site "?"]
[Date "2023.04.07"]
[Round "5.37"]
[White "WIM Sharma Isha"]
[Black "FM Macias Pino, Diego"]
[Result "0-1"]
[WhiteElo "2216"]
[BlackElo "2395"]
[Annotator "Usuario"]
[PlyCount "112"]

1. e4 c6 2. d4 d5 3. e5 c5 4. dxc5 e6 5. Be3 Nd7 6. Bb5 Ne7 7. c3 Nc6 8. b4
Ncxe5 9. Nf3 Nxf3+ 10. Qxf3 a6 11. Ba4 Be7 $11 12. c6 bxc6 13. Bxc6 Rb8 14. Ba7
O-O 15. Qg3 Bh4 16. Qe3 Bg5 17. Qg3 Bh4 18. Qe3 Bg5 19. Qe2 Rxb4 20. cxb4 Bf6
21. O-O Bxa1 22. Rc1 Bf6 23. f4 Qc7 24. Be3 Qd6 25. a3 d4 26. Qd3 e5 27. Nd2
Qc7 28. Bf2 Bb7 29. Qc2 exf4 30. Bxb7 Qxb7 31. Nf3 Ne5 32. Nxe5 Bxe5 33. Qc5 f6
34. Bxd4 Qe4 35. Bf2 Rd8 36. Qb6 Qd3 37. h3 h6 38. a4 Rd6 39. Qc5 f3 40. Qe3
fxg2 41. Qxd3 Rxd3 42. b5 axb5 43. axb5 Rxh3 44. Kxg2 Rb3 45. b6 g5 46. Rd1 Kg7
47. Bc5 h5 48. Re1 g4 49. Re4 Rb2+ 50. Kf1 Rb5 51. Be3 Kg6 52. Ke2 Rb2+ 53. Kd3
Kf5 54. Ra4 h4 55. Ra7 h3 56. Rh7 h2 0-1

[Event "Open Semana Santa 2023"]
[Site "?"]
[Date "2023.04.07"]
[Round "5.38"]
[White "CM Ribera Veganzones, Serni"]
[Black "IM Quintin Navarro, Alberto"]
[Result "1-0"]
[WhiteElo "2195"]
[BlackElo "2370"]
[PlyCount "55"]
[EventDate "2023.??.??"]

1. Nf3 Nf6 2. c4 g6 3. Nc3 Bg7 4. e4 d6 5. d4 O-O 6. Be2 e5 7. O-O Nc6 8. Be3
Ng4 9. Bg5 f6 10. Bc1 Nh6 11. dxe5 dxe5 12. Be3 Bg4 13. c5 Nf7 14. Qa4 Qe8 15.
Rfd1 Rd8 16. Rxd8 Nfxd8 17. Qb3+ Kh8 18. Rd1 b6 19. Qa4 Bxf3 20. Bxf3 Ne6 21.
Be2 Qa8 22. Bc4 Ncd4 23. Bxe6 Nxe6 24. Qd7 Qe8 25. Nb5 bxc5 26. Nxc7 Qxd7 27.
Rxd7 Nd4 28. Na6 1-0

[Event "Open Semana Santa 2023"]
[Site "?"]
[Date "2023.04.07"]
[Round "5.39"]
[White "FM Buenafe Moya, Javier"]
[Black "FM Carnicelli, Valerio"]
[Result "1/2-1/2"]
[WhiteElo "2188"]
[BlackElo "2370"]
[PlyCount "137"]

1. c4 Nf6 2. Nc3 g6 3. g3 Bg7 4. Bg2 O-O 5. d3 d6 6. e3 e5 7. Nge2 c6 8. O-O
Be6 9. b3 Qd7 10. Ba3 Rd8 11. Qc2 Bh3 12. Rac1 h5 13. d4 Bxg2 14. Kxg2 Qe6 15.
dxe5 dxe5 16. Rcd1 Na6 17. h3 Nc7 18. Rxd8+ Rxd8 19. Rd1 Re8 20. Bd6 Na6 21.
Ba3 Bf8 22. Bxf8 Kxf8 23. Qd2 Kg7 24. e4 Nc5 25. Qe3 b6 26. Ng1 Nh7 27. Nf3 a5
28. Ne1 f6 29. h4 Nf8 30. Nd3 Nfd7 31. Nxc5 Nxc5 32. Qd2 Rc8 33. f3 Qe7 34. Kf2
Kf7 35. Qh6 Ne6 36. f4 exf4 37. gxf4 f5 38. Kg3 Ng7 39. Qg5 fxe4 40. Qxe7+ Kxe7
41. Nxe4 Nf5+ 42. Kh3 Rd8 43. Rxd8 Kxd8 44. Nd2 Nd4 45. Kg2 Ke7 46. Nf3 Nxf3
47. Kxf3 Kf6 48. Ke4 Ke6 49. a3 Kf6 50. a4 Ke6 51. Kd4 Kf5 52. c5 bxc5+ 53.
Kxc5 Kxf4 54. b4 axb4 55. Kxb4 g5 56. hxg5 Kxg5 57. a5 h4 58. a6 h3 59. a7 h2
60. a8=Q h1=Q 61. Qg8+ Kf4 62. Qf7+ Ke3 63. Qe6+ Kd4 64. Qf6+ Kd5 65. Qf5+ Kd6
66. Qf6+ Kc7 67. Qe7+ Kb8 68. Qe8+ Kb7 69. Qd7+ 1/2-1/2

[Event "Open Semana Santa 2023"]
[Site "?"]
[Date "2023.04.07"]
[Round "5.40"]
[White "IM Vassallo Barroche, Mauricio"]
[Black "O`cuilleanain, Oisin"]
[Result "1-0"]
[WhiteElo "2361"]
[BlackElo "2122"]
[PlyCount "65"]

1. Nf3 Nf6 2. d4 d5 3. c4 e6 4. Nc3 Be7 5. Bg5 h6 6. Bh4 O-O 7. e3 b6 8. Qc2
Bb7 9. Bxf6 Bxf6 10. cxd5 exd5 11. O-O-O Nd7 12. g4 g6 13. h4 Bg7 14. g5 h5 15.
Kb1 c5 16. Bg2 Rc8 17. Qd2 Qe7 18. Bh3 a6 19. Rhe1 Rc7 20. e4 cxd4 21. Nxd5
Bxd5 22. exd5 Qd6 23. Nxd4 Ne5 24. Qf4 Rc4 25. Qg3 Qb4 26. a3 Qd6 27. Nc6 Re8
28. f4 Nxc6 29. Rxe8+ Kh7 30. Qe3 Nd4 31. f5 gxf5 32. Rxd4 Bxd4 33. Qe2 1-0

[Event "Open Semana Santa 2023"]
[Site "?"]
[Date "2023.07.05"]
[Round "5.41"]
[White "Jordan Martinez, Miguel"]
[Black "IM Chueca Forcen, Alberto"]
[Result "1/2-1/2"]
[WhiteElo "2186"]
[BlackElo "2359"]
[Annotator "Usuario"]
[PlyCount "97"]

1. e4 e5 2. Nf3 Nc6 3. Bc4 Bc5 4. O-O Nf6 5. d3 a6 6. a4 d6 7. c3 Ba7 8. Re1 h6
9. Nbd2 O-O 10. h3 Re8 11. Bb3 Be6 12. Bc2 d5 13. Qe2 d4 14. Nf1 Qd6 15. Ng3
Rad8 16. Nh4 Ne7 17. Qf3 Kh7 18. c4 Bc5 19. b3 Bb4 20. Rf1 Qc6 21. Nh5 Neg8 22.
Nxf6+ Nxf6 23. Qg3 Bc8 24. Bd1 Bd6 25. f4 exf4 26. Bxf4 Bxf4 27. Qxf4 Qd6 28.
Qf2 Kg8 29. Rb1 a5 30. Rb2 b6 31. Bg4 Bxg4 32. hxg4 Nxg4 33. Qxf7+ Kh8 34. Qf4
Qxf4 35. Ng6+ Kh7 36. Nxf4 Ne5 37. Rc2 Rf8 38. c5 Rf6 39. Nd5 Rxf1+ 40. Kxf1
Nxd3 41. cxb6 cxb6 42. Nxb6 Rf8+ 43. Kg1 Rb8 44. Nc4 Rxb3 45. Nxa5 Rb1+ 46. Kh2
Nb2 47. Rd2 d3 48. Kg3 $11 Nxa4 49. Rxd3 1/2-1/2

[Event "Open Semana Santa 2023"]
[Site "?"]
[Date "2023.04.07"]
[Round "5.42"]
[White "Hernandez Leon, Sergio"]
[Black "GM Campora, Daniel H"]
[Result "1/2-1/2"]
[WhiteElo "2151"]
[BlackElo "2348"]
[PlyCount "93"]
[EventDate "2023.??.??"]

1. Nf3 d5 2. b3 Nf6 3. Bb2 e6 4. c4 Be7 5. e3 O-O 6. Nc3 c5 7. cxd5 Nxd5 8. Qc2
Nc6 9. Be2 b6 10. O-O Bb7 11. Rac1 Rc8 12. Rfd1 Bf6 13. Qb1 Nxc3 14. dxc3 Qe7
15. c4 Rcd8 16. Rxd8 Rxd8 17. Rd1 Rxd1+ 18. Bxd1 Bxb2 19. Qxb2 Qd6 20. Qd2 Qxd2
21. Nxd2 Kf8 22. Bf3 Ke7 23. Kf1 h6 24. Ke2 Kd6 25. Ne4+ Kc7 26. Nc3 a6 27. Kd2
f5 28. g3 g5 29. h3 Na5 30. Bxb7 Kxb7 31. f4 gxf4 32. gxf4 Kc6 33. Kd3 b5 34.
e4 bxc4+ 35. bxc4 Kd6 36. e5+ Kd7 37. Na4 Kc6 38. Kc3 Nb7 39. Kd3 Nd8 40. Ke3
Nf7 41. Kf3 Nh8 42. Kg3 Ng6 43. Kf3 h5 44. Kg3 h4+ 45. Kf3 Nf8 46. Ke3 Nd7 47.
Kd3 1/2-1/2

[Event "Open Semana Santa 2023"]
[Site "?"]
[Date "2023.04.07"]
[Round "5.43"]
[White "FM Martins, Bruno Andre Leite"]
[Black "Garrido Diaz, Ernesto"]
[Result "1/2-1/2"]
[WhiteElo "2348"]
[BlackElo "2106"]
[PlyCount "91"]

1. d4 d5 2. Bf4 c5 3. e3 Nc6 4. c3 Qb6 5. Qb3 c4 6. Qc2 e5 7. dxe5 Bf5 8. Qc1
g5 9. Bg3 h5 10. h3 Bg7 11. Nf3 g4 12. Nd4 Nge7 13. hxg4 hxg4 14. Rxh8+ Bxh8
15. b3 Bxe5 16. bxc4 Bxg3 17. fxg3 dxc4 18. Bxc4 O-O-O 19. Nd2 Qc7 20. Kf2 Ne5
21. Be2 Bd3 22. Qd1 Bxe2 23. Qxe2 Qxc3 24. N2b3 Qd3 25. Qxd3 Nxd3+ 26. Ke2 Ne5
27. a4 Kb8 28. Nc5 Rc8 29. Nd3 N7g6 30. Rf1 Re8 31. Nxe5 Nxe5 32. Rf4 a6 33.
Nf5 Rc8 34. Re4 f6 35. Nd4 Rd8 36. Nf5 Rc8 37. Nd6 Rc2+ 38. Kf1 Rc1+ 39. Kf2
Rc2+ 40. Kg1 Rc1+ 41. Kh2 Rc2 42. Kg1 Rc1+ 43. Kf2 Rc2+ 44. Kf1 Rc1+ 45. Ke2
Rc2+ 46. Kf1 1/2-1/2

[Event "Open Semana Santa 2023"]
[Site "?"]
[Date "2023.04.07"]
[Round "5.44"]
[White "IM Lammers, Markus"]
[Black "Pons Morro, Mateo"]
[Result "1-0"]
[WhiteElo "2338"]
[BlackElo "2105"]
[PlyCount "93"]

1. Nf3 d5 2. c4 c6 3. e3 Nf6 4. d4 Bf5 5. Nc3 e6 6. Nh4 Bg4 7. Qb3 Qb6 8. h3
Bh5 9. g4 Bg6 10. Nxg6 hxg6 11. Bg2 Nbd7 12. Bd2 Be7 13. g5 Nh5 14. h4 Qxb3 15.
axb3 O-O 16. Ke2 f5 17. cxd5 exd5 18. Nxd5 Bd6 19. Bb4 Bxb4 20. Nxb4 f4 21. Bh3
Nb6 22. e4 f3+ 23. Ke3 Rae8 24. Bg4 Nf4 25. Rxa7 Nbd5+ 26. Nxd5 Nxd5+ 27. Kd3
Nb4+ 28. Ke3 Nd5+ 29. Kd3 Nb4+ 30. Kc4 Rxe4 31. Bd7 Rb8 32. Rd1 Nd5 33. Kc5 Re2
34. Kd6 Kf8 35. Rda1 Re7 36. Ra8 Rxd7+ 37. Kxd7 Nb6+ 38. Kc7 Rxa8 39. Rxa8+
Nxa8+ 40. Kxb7 Ke7 41. Kxa8 Kd6 42. b4 Kd5 43. Kb7 Kxd4 44. Kxc6 Kd3 45. b5 Ke2
46. b6 Kxf2 47. b7 1-0

[Event "Open Semana Santa 2023"]
[Site "?"]
[Date "2023.04.07"]
[Round "5.45"]
[White "Ereza Vizcarra, Fernando"]
[Black "FM Domingo Nunez, Alejandro"]
[Result "0-1"]
[WhiteElo "2131"]
[BlackElo "2335"]
[PlyCount "50"]

1. d4 Nf6 2. Nf3 e6 3. g3 b5 4. Bg2 Bb7 5. O-O Be7 6. a4 b4 7. c4 O-O 8. Nbd2
a5 9. Qc2 c5 10. e4 Qc8 11. d5 d6 12. Bh3 Qe8 13. dxe6 Nc6 14. exf7+ Qxf7 15.
Bg2 Ng4 16. e5 Qh5 17. h3 Ncxe5 18. Nxe5 Bxg2 19. Nxg4 Qxh3 20. Nh2 Rae8 21.
Re1 Rxf2 22. Kxf2 Qxh2 23. Re2 Be4+ 24. Ke1 Qxg3+ 25. Kd1 Qg1+ 0-1

[Event "Open Semana Santa 2023"]
[Site "?"]
[Date "2023.04.07"]
[Round "5.46"]
[White "IM Granero Roca, Antonio"]
[Black "Castro Quijano, Eduardo"]
[Result "1/2-1/2"]
[WhiteElo "2334"]
[BlackElo "2083"]
[Annotator "Usuario"]
[PlyCount "93"]

1. Nf3 Nf6 2. c4 e6 3. Nc3 d5 4. d4 Be7 5. Bg5 O-O 6. e3 Nbd7 7. Qc2 c6 8. Be2
dxc4 9. Bxc4 b5 10. Be2 Bb7 11. O-O a6 12. Rfd1 Rc8 13. Ne5 h6 14. Bxf6 Nxf6
15. Bf3 Qc7 16. Nd3 c5 17. Bxb7 Qxb7 18. dxc5 Bxc5 19. Qb3 Qa7 20. h3 Rfd8 21.
Rac1 Bf8 22. Ne2 Rxc1 23. Rxc1 g6 24. Nd4 Qb7 25. a4 Qe4 26. Nc5 Bxc5 27. Rxc5
bxa4 28. Qb6 Rd7 29. Rc8+ Kg7 30. Qc5 g5 31. Nc6 Qb1+ 32. Kh2 Qxb2 33. Ne5 Re7
34. Qxe7 Qxe5+ 35. g3 Qb2 36. Kg2 Qa2 37. Rc7 Qd5+ 38. e4 Qxe4+ 39. Kh2 Qg6 40.
Qxe6 a3 41. Qb3 Ne4 42. Qxa3 Qf6 43. Rc2 Nxf2 $11 44. Qe3 Nxh3 45. Rc4 Qf2+ 46.
Qxf2 Nxf2 47. Ra4 $11 1/2-1/2

[Event "Open Semana Santa 2023"]
[Site "?"]
[Date "2023.04.07"]
[Round "5.47"]
[White "Piqueras Guardiola, Francisco"]
[Black "WGM Alinasab, Mobina"]
[Result "0-1"]
[WhiteElo "2105"]
[BlackElo "2334"]
[PlyCount "98"]

1. d4 Nf6 2. Bf4 d5 3. e3 c5 4. c3 Nc6 5. Nd2 Bf5 6. Qb3 Qd7 7. Ngf3 Ne4 8.
Nxe4 Bxe4 9. Ne5 Nxe5 10. Bxe5 c4 11. Qd1 f6 12. f3 Bf5 13. Bg3 Rc8 14. b3 e6
15. bxc4 dxc4 16. a4 b6 17. e4 Bg6 18. Be2 Bd6 19. Bxd6 Qxd6 20. O-O O-O 21.
Rb1 e5 22. Rb5 exd4 23. Rd5 Qa3 24. Qxd4 Qxa4 25. Rd7 Rf7 26. Rd1 Rxd7 27. Qxd7
Qxd7 28. Rxd7 a5 29. Rd6 b5 30. Ra6 a4 31. Kf2 Be8 32. Ke1 Rd8 33. Ra7 Kf8 34.
g3 Bc6 35. Bf1 Ra8 36. Rxa8+ Bxa8 37. Kd2 Ke7 38. Kc2 Kd6 39. Kb2 Kc5 40. Ka3
Bc6 41. Bh3 b4+ 42. cxb4+ Kd4 43. Kb2 c3+ 44. Kc2 Kc4 45. b5 Bxb5 46. Bf1+ Kb4
47. Bxb5 a3 48. Kb1 Kxb5 49. e5 Kc5 0-1

[Event "Open Semana Santa 2023"]
[Site "?"]
[Date "2023.04.07"]
[Round "5.48"]
[White "Centeno Mendoza, Julio Stefano"]
[Black "FM Guerrero Vargas, Andres Jesus"]
[Result "1-0"]
[WhiteElo "2088"]
[BlackElo "2328"]
[PlyCount "119"]

1. e4 e5 2. Nf3 Nc6 3. Bc4 Nf6 4. d3 Bc5 5. O-O O-O 6. h3 a5 7. a4 d6 8. c3 Ba7
9. Re1 h6 10. Nbd2 Be6 11. Bxe6 fxe6 12. Nf1 Nh5 13. Be3 Qf6 14. Kh2 Nf4 15.
Bxa7 Rxa7 16. Ne3 Ne7 17. d4 Neg6 18. Ng1 exd4 19. cxd4 Qg5 20. g3 Nh5 21. Qe2
c5 22. dxc5 dxc5 23. Ng4 b6 24. Nf3 Qd8 25. Nfe5 Nxe5 26. Nxe5 Qg5 27. Ng4 Rd7
28. Rad1 Rd4 29. h4 Qg6 30. Ne5 Qe8 31. Rxd4 cxd4 32. Rd1 Nf6 33. Rxd4 Qb8 34.
Ng6 Rc8 35. Ne7+ Kh7 36. e5 Nd5 37. Qd3+ Kh8 38. Nxc8 Qxc8 39. Rxd5 exd5 40.
Qxd5 Qc2 41. Qd4 Qc6 42. b3 Qe6 43. Qd8+ Kh7 44. Qd3+ Kh8 45. Qe3 Kg8 46. Kg1
Kf8 47. Qc3 Qd7 48. Qc4 Ke7 49. Qg8 Qg4 50. Qd5 Qb4 51. Kg2 Qe1 52. Qd6+ Kf7
53. Qd7+ Kg6 54. h5+ Kh7 55. Qf5+ Kg8 56. e6 Kh8 57. Kh2 Qb4 58. Qf7 Qxb3 59.
Qf8+ Kh7 60. e7 1-0

[Event "Open Semana Santa 2023"]
[Site "?"]
[Date "2023.04.07"]
[Round "5.49"]
[White "FM Mingarro Carceller, Sergi"]
[Black "Sperat Czar, Nicolas"]
[Result "1/2-1/2"]
[WhiteElo "2308"]
[BlackElo "2027"]
[PlyCount "91"]

1. e4 e5 2. Nf3 Nc6 3. Bc4 Nf6 4. d3 d5 5. exd5 Nxd5 6. O-O Be7 7. Re1 f6 8. d4
Nb6 9. Bb3 Nxd4 10. Nxd4 Qxd4 11. Qxd4 exd4 12. Bf4 Bf5 13. Bxc7 Kd7 14. Bxb6
axb6 15. Nd2 Rhe8 16. Nf3 Bc5 17. Nxd4 Bg4 18. c3 Bxd4 19. cxd4 Kd6 20. f3 Be6
21. d5 Bf7 22. Rxe8 Rxe8 23. Kf2 g5 24. Rd1 Re5 25. Rd4 Bxd5 26. Bxd5 Rxd5 27.
Ke3 Rxd4 28. Kxd4 f5 29. a4 h6 30. g4 f4 31. h3 Ke6 32. Ke4 Kd6 33. Kf5 Kd5 34.
Kg6 Kd4 35. Kxh6 Ke3 36. Kxg5 Kxf3 37. h4 Kg3 38. h5 f3 39. h6 f2 40. h7 f1=Q
41. h8=Q Qf4+ 42. Kg6 Qxg4+ 43. Kf7 Qd7+ 44. Kg6 Qg4+ 45. Kf7 Qd7+ 46. Kg6
1/2-1/2

[Event "Open Semana Santa 2023"]
[Site "?"]
[Date "2023.04.07"]
[Round "5.50"]
[White "Martinez Villena, David"]
[Black "FM Gavarrete, Nahun"]
[Result "0-1"]
[WhiteElo "1958"]
[BlackElo "2303"]
[PlyCount "92"]

1. e4 c5 2. Nf3 Nc6 3. d4 cxd4 4. Nxd4 Nf6 5. Nc3 d6 6. Be2 g6 7. O-O Bg7 8.
Nb3 O-O 9. Re1 a6 10. Bf1 b5 11. Nd5 e6 12. Nxf6+ Bxf6 13. c3 Bb7 14. f4 a5 15.
a4 b4 16. Bd2 bxc3 17. bxc3 Rb8 18. Rb1 Ba6 19. Bxa6 Qb6+ 20. Nd4 Bxd4+ 21.
cxd4 Qxa6 22. Rxb8 Rxb8 23. d5 exd5 24. exd5 Nb4 25. f5 Qd3 26. Qe2 Qxe2 27.
Rxe2 Nxd5 28. Bxa5 Ra8 29. Be1 Rxa4 30. Rd2 Ra5 31. fxg6 hxg6 32. Bg3 Nc3 33.
Rc2 Ra1+ 34. Be1 Rxe1+ 35. Kf2 Re2+ 36. Rxe2 Nxe2 37. Kxe2 f5 38. g4 fxg4 39.
Ke3 Kf7 40. Kf4 Kf6 41. Kxg4 g5 42. h3 Kg6 43. h4 gxh4 44. Kxh4 Kf5 45. Kg3 Ke4
46. Kf2 Kd3 0-1

[Event "Open Semana Santa 2023"]
[Site "?"]
[Date "2023.04.07"]
[Round "5.51"]
[White "FM Garrido Diaz, Jose Antonio"]
[Black "Pardo Ruiz, Carlos"]
[Result "1-0"]
[WhiteElo "2302"]
[BlackElo "1972"]
[PlyCount "77"]

1. e4 c5 2. Nf3 d6 3. d4 Nf6 4. Nc3 cxd4 5. Nxd4 g6 6. Be3 Bg7 7. f3 Nc6 8. Qd2
O-O 9. g4 Bd7 10. h4 h5 11. gxh5 Nxh5 12. O-O-O Rc8 13. Rg1 Ne5 14. Bh6 Qa5 15.
Bxg7 Kxg7 16. Nb3 Qc7 17. Be2 b5 18. Nd5 Qd8 19. f4 Nc4 20. Bxc4 bxc4 21. Nd4
e6 22. Nc3 Qa5 23. Rg5 Qb4 24. Rdg1 Rb8 25. Ndb5 Rxb5 26. Nxb5 Qxd2+ 27. Kxd2
Nxf4 28. Nxd6 Nh3 29. Nxc4 Nxg1 30. Rxg1 Rh8 31. Ne5 Be8 32. Nf3 Bc6 33. Ke3
Rb8 34. h5 Kf6 35. e5+ Kg7 36. Ng5 Be8 37. hxg6 Kxg6 38. Ne4+ Kh6 39. Rg8 1-0

[Event "Open Semana Santa 2023"]
[Site "?"]
[Date "2023.04.07"]
[Round "5.52"]
[White "Kita Ruiz, Ichiro"]
[Black "FM Karthik Rajaa"]
[Result "0-1"]
[WhiteElo "1919"]
[BlackElo "2302"]
[PlyCount "70"]

1. c4 Nf6 2. Nc3 g6 3. e4 d6 4. d4 Bg7 5. h3 O-O 6. Be3 e5 7. d5 Na6 8. g4 Nc5
9. f3 a5 10. Qd2 h5 11. Nge2 Nh7 12. O-O-O h4 13. Kb1 Bf6 14. Bxc5 dxc5 15. d6
cxd6 16. Nb5 Ra6 17. Nxd6 Ng5 18. Bg2 Ne6 19. Nb5 Nd4 20. Nbc3 Bg5 21. Qd3 Bd7
22. Nxd4 cxd4 23. Nb5 a4 24. Bf1 Qa5 25. Qa3 Rc8 26. Rh2 Rac6 27. b4 Qa8 28.
Nc3 Rxc4 29. Bxc4 Rxc4 30. Nd5 Qa6 31. Qd3 Bb5 32. Rc2 Rc6 33. Qa3 Rxc2 34.
Kxc2 Be2 35. Rd3 Qc4+ 0-1

[Event "Open Semana Santa 2023"]
[Site "?"]
[Date "2023.04.07"]
[Round "5.53"]
[White "Suarez Hernan, Santiago"]
[Black "Liu, Zhaoqi"]
[Result "0-1"]
[WhiteElo "1917"]
[BlackElo "2301"]
[PlyCount "86"]
[EventDate "2023.??.??"]

1. d4 Nf6 2. c4 c5 3. d5 e6 4. Nc3 exd5 5. cxd5 d6 6. e4 g6 7. f4 Bg7 8. Bb5+
Nfd7 9. a4 Na6 10. Nf3 Nb4 11. O-O a6 12. Bc4 O-O 13. Re1 Nb6 14. Bb3 c4 15.
Bc2 Bg4 16. Be3 Bxf3 17. gxf3 Nd7 18. Re2 b6 19. Na2 a5 20. Bd4 Bh6 21. Be3 Nc5
22. Qd2 Nbd3 23. b3 Qf6 24. Rb1 cxb3 25. Bxb3 Nxf4 26. Bxf4 Bxf4 27. Qd1 Be5
28. Rd2 Qg5+ 29. Rg2 Qe3+ 30. Kh1 f5 31. Qe2 Qf4 32. Bc2 fxe4 33. fxe4 Rae8 34.
Qg4 Bd4 35. Qxf4 Rxf4 36. Rd1 Nxe4 37. Bxe4 Rfxe4 38. Rgd2 Bg7 39. Rb1 Re1+ 40.
Rxe1 Rxe1+ 41. Kg2 Be5 42. Kf3 Rf1+ 43. Kg2 Rf4 0-1

[Event "Open Semana Santa 2023"]
[Site "?"]
[Date "2023.04.07"]
[Round "5.54"]
[White "Olsen, Geir"]
[Black "Sharma Siri"]
[Result "1-0"]
[WhiteElo "1565"]
[BlackElo "1336"]
[PlyCount "111"]

1. d4 d5 2. Nc3 e6 3. e4 dxe4 4. Nxe4 Be7 5. Nf3 Nf6 6. Nxf6+ Bxf6 7. Bd3 c6 8.
c3 Nd7 9. O-O O-O 10. Re1 b6 11. Bf4 Bb7 12. Be4 g6 13. Bh6 Bg7 14. Bxg7 Kxg7
15. Re3 Nf6 16. Bc2 Qc7 17. Ne5 c5 18. Rc1 Rac8 19. h3 Rfd8 20. Nf3 Nd5 21. Rd3
cxd4 22. cxd4 Nb4 23. Rc3 Qd6 24. Bb3 Rxc3 25. Rxc3 Bxf3 26. Qxf3 Qxd4 27. Rc7
Rd7 28. Rxd7 Qxd7 29. Qc3+ Kg8 30. Qxb4 Qc7 31. Qd2 a6 32. Qc2 Qd7 33. Qe2 b5
34. Bc2 Qd4 35. Bd3 Qa4 36. a3 Qf4 37. g4 Qc1+ 38. Kg2 Qc6+ 39. Be4 Qd6 40. Qc2
Qb8 41. Qc6 a5 42. Qa8 Qxa8 43. Bxa8 b4 44. Kf3 Kg7 45. Ke3 f5 46. Kd4 Kf6 47.
axb4 axb4 48. Kc4 e5 49. f3 h5 50. gxh5 gxh5 51. h4 b3 52. Kxb3 Ke6 53. Kb4 Kd6
54. Kb5 Kd7 55. Kb6 Kd6 56. b4 1-0

[Event "Open Semana Santa 2023"]
[Site "?"]
[Date "2023.04.07"]
[Round "5.55"]
[White "CM Melkevik, Johannes"]
[Black "Valverde Lopez, Francisco Leopol"]
[Result "1-0"]
[WhiteElo "1839"]
[BlackElo "1525"]
[PlyCount "59"]

1. d4 Nf6 2. Nf3 e6 3. g3 c5 4. Bg2 cxd4 5. O-O Nc6 6. Nxd4 d5 7. c4 Bc5 8. Nb3
Be7 9. cxd5 Nxd5 10. e4 Nf6 11. Qe2 O-O 12. Nc3 a6 13. Rd1 Qc7 14. Bf4 e5 15.
Be3 Bg4 16. f3 Bc8 17. Rac1 Rd8 18. Nd5 Nxd5 19. exd5 Bd7 20. Qf2 Be8 21. dxc6
Rxd1+ 22. Rxd1 Qxc6 23. Bc5 Bf6 24. f4 Qb5 25. Qf1 Qa4 26. Bxb7 Rb8 27. Qf3
Qxa2 28. fxe5 Bxe5 29. Ba7 Bc6 30. Bxc6 1-0

[Event "Open Semana Santa 2023"]
[Site "?"]
[Date "2023.04.07"]
[Round "5.56"]
[White "GM Yuffa, Daniil"]
[Black "Paragua, Megan Althea"]
[Result "1-0"]
[WhiteElo "2602"]
[BlackElo "1900"]
[PlyCount "105"]

1. Nf3 Nf6 2. g3 e6 3. Bg2 d5 4. O-O Be7 5. d3 O-O 6. Nbd2 c5 7. e4 Nc6 8. Re1
Qc7 9. e5 Nd7 10. Qe2 b5 11. Nf1 Bb7 12. h4 Rac8 13. Bf4 b4 14. N1h2 Na5 15. h5
Ba6 16. h6 g6 17. Ng4 Qb6 18. Bg5 Nc6 19. Qd2 Bxg5 20. Qxg5 Qd8 21. Qf4 Qe7 22.
Rad1 f6 23. exf6 Nxf6 24. Qg5 Rce8 25. Nge5 Nxe5 26. Nxe5 Bb7 27. a3 a5 28.
axb4 cxb4 29. Ra1 Ra8 30. b3 d4 31. Nxg6 hxg6 32. Qxg6+ Kh8 33. Rxe6 Qh7 34.
Qxh7+ Kxh7 35. Bxb7 Ra7 36. Ba6 Ng4 37. f4 Nxh6 38. Kf2 Ng4+ 39. Kf3 Ne3 40.
Rxa5 Nxc2 41. Rh5+ Kg7 42. Rg5+ Kh7 43. Bc4 Ne3 44. Rh5+ Kg7 45. Reh6 Rfa8 46.
Rh7+ Kf8 47. Rh8+ Ke7 48. Rxa8 Rxa8 49. Rb5 Nc2 50. g4 Kd6 51. g5 Ra7 52. g6
Ne3 53. Ke4 1-0

[Event "Open Semana Santa 2023"]
[Site "?"]
[Date "2023.04.07"]
[Round "4.57"]
[White "Chen, Peng"]
[Black "Tudela Gonzalez, Victor"]
[Result "1-0"]
[WhiteElo "2425"]
[BlackElo "2094"]
[PlyCount "51"]

1. e4 c5 2. Nc3 d6 3. d4 cxd4 4. Qxd4 a6 5. b3 Nc6 6. Qd2 g6 7. Bb2 Bg7 8.
O-O-O Nf6 9. f3 b5 10. Nd5 O-O 11. Nxf6+ exf6 12. Ne2 Qb6 13. Nf4 Bb7 14. Nd5
Qd8 15. h4 Rc8 16. h5 Ne5 17. hxg6 fxg6 18. Nf4 Re8 19. Kb1 Qc7 20. Be2 Nf7 21.
Bd3 Ne5 22. Be2 Nf7 23. c4 Bh6 24. Bxf6 d5 25. Nxd5 Qc6 26. Rxh6 1-0

[Event "Open Semana Santa 2023"]
[Site "?"]
[Date "2023.04.07"]
[Round "5.58"]
[White "Segura Santos, Luis"]
[Black "FM Domingo Nunez, Ruben"]
[Result "0-1"]
[WhiteElo "2083"]
[BlackElo "2401"]
[PlyCount "68"]

1. Nf3 c5 2. b3 d5 3. Bb2 Nc6 4. e3 Bg4 5. Bb5 Nf6 6. c4 dxc4 7. bxc4 e6 8. h3
Bh5 9. g4 Bg6 10. Ne5 Qb6 11. a4 Qc7 12. a5 Be4 13. f3 Bd6 14. d4 a6 15. Bxc6+
Bxc6 16. Nxc6 bxc6 17. Nc3 cxd4 18. Qxd4 Be5 19. Qd2 O-O 20. O-O Rfd8 21. Qe2
Rab8 22. Rfd1 Rxd1+ 23. Rxd1 Qxa5 24. Qd2 h6 25. f4 Bc7 26. Ba1 Qc5 27. Qd4 Qa3
28. Ne4 Ne8 29. Qc3 Rb3 30. Qd4 Rxe3 31. Bb2 Rg3+ 32. Kh2 Rxh3+ 33. Kg2 Qf3+
34. Kg1 Rh1# 0-1

[Event "Open Semana Santa 2023"]
[Site "?"]
[Date "2023.04.07"]
[Round "5.59"]
[White "Dura Olmos, Gines Raul"]
[Black "IM Cruz, Jonathan"]
[Result "1-0"]
[WhiteElo "2044"]
[BlackElo "2340"]
[PlyCount "53"]

1. Nf3 Nf6 2. c4 c6 3. g3 Qa5 4. Bg2 e5 5. O-O e4 6. Ne1 h5 7. h4 g5 8. hxg5
Qxg5 9. d3 Qg6 10. Nc3 h4 11. Nxe4 Nxe4 12. Bxe4 f5 13. Bg2 hxg3 14. fxg3 Qxg3
15. Bf4 Qg6 16. Qd2 d6 17. Qe3+ Be6 18. Rf3 Rh4 19. Rg3 Rg4 20. Rxg4 fxg4 21.
Nc2 Be7 22. Nd4 Bd7 23. Be4 Qf6 24. Rf1 Na6 25. Bg3 Qg5 26. Qxg5 Bxg5 27. Bg6+
1-0

[Event "Open Semana Santa 2023"]
[Site "?"]
[Date "2023.04.07"]
[Round "5.60"]
[White "FM Martin Carmona, Gaston Manuel"]
[Black "Cuenca Jimenez, Francisco Javier"]
[Result "1-0"]
[WhiteElo "2333"]
[BlackElo "2094"]
[PlyCount "79"]

1. Nf3 d5 2. g3 Nf6 3. Bg2 e6 4. c4 c5 5. d4 dxc4 6. O-O Nc6 7. Qa4 Bd7 8. Qxc4
b5 9. Qd3 c4 10. Qd1 Be7 11. Ne5 Rc8 12. a4 a6 13. axb5 axb5 14. Ra6 Nxe5 15.
dxe5 Nd5 16. Nc3 Nxc3 17. bxc3 O-O 18. Qd4 Bc5 19. Qg4 f5 20. exf6 Qxf6 21. Bb7
Rc7 22. Be4 h6 23. Bf4 e5 24. Bd5+ Kh8 25. Rxf6 Bxg4 26. Rxf8+ Bxf8 27. Bxe5
Rc5 28. e4 Bf3 29. Bd4 Rc8 30. Be6 Rc7 31. Bf5 Kg8 32. Ra1 b4 33. Be6+ Kh7 34.
Ra8 Bxe4 35. Rxf8 b3 36. Rb8 Bd3 37. f4 Re7 38. f5 h5 39. h4 Rc7 40. Bg8+ 1-0

[Event "Open Semana Santa 2023"]
[Site "?"]
[Date "2023.04.07"]
[Round "5.61"]
[White "FM Fiedorek, Michal"]
[Black "Atienza Alvarez, Javier"]
[Result "1-0"]
[WhiteElo "2328"]
[BlackElo "2089"]
[PlyCount "69"]

1. e4 e6 2. d4 d5 3. Nd2 c5 4. exd5 Qxd5 5. Ngf3 cxd4 6. Bc4 Qd7 7. O-O Nc6 8.
Nb3 a6 9. Nbxd4 Nxd4 10. Nxd4 Qc7 11. Bb3 Bd6 12. h3 Ne7 13. Qf3 O-O 14. c3 e5
15. Nc2 Bd7 16. Ne3 Bc6 17. Qh5 b5 18. Bd2 Rad8 19. Rad1 Qb7 20. Bc1 Kh8 21.
Rd2 Ng6 22. Rfd1 Bc7 23. Nd5 f5 24. Qg5 Rde8 25. Nxc7 Qxc7 26. Rd6 Nf4 27. Bxf4
exf4 28. Qxf4 Qb7 29. Qg5 f4 30. Rd8 h6 31. Rxe8 hxg5 32. Rxf8+ Kh7 33. Bg8+
Kg6 34. Rd6+ Kh5 35. Bf7+ 1-0